Jaki to owoc? - Statystyki

Ogólne statystyki
  • Ten quiz został rozwiązany 664 razy
  • Średni wynik to 10 z 10
Statystyki odpowiedzi
Obrazkowy Odpowiedź % Poprawnych
Banan
100%
Gruszka
100%
Ananas
99%
Arbuz
99%
Jabłko
99%
Kiwi
99%
Malina
99%
Truskawka
99%
Winogrono
99%
Borówka
96%
Nie znaleziono quizów pasujących do podanych kryteriów
Rozkład punktacji
Procent ludzi z każdym wynikiem
Percentyl według liczby udzielonych odpowiedzi
Twoja historia wyników
Nie rozwiązałeś tego quizu